[Event "49th RUS-ch (w)"]
[Site "Moscow RUS"]
[Date "1999.05.24"]
[Round "9"]
[White "Ovod, Evgenia"]
[Black "Gansvind, Valeria"]
[Result "1-0"]
[WhiteElo "2290"]
[BlackElo "2240"]
[EventDate "1999.05.15"]
[PlyCount "93"]

1.d4 Nf6 2.c4 e5 3.dxe5 Ng4 4.Bf4 Bb4+ 5.Nd2 d6 6.exd6 Qf6 7.e3 Qxb2 8.Nf3
Nc6 9.Be2 cxd6 10.O-O Nf6 11.a3 Bc5 12.Nb3 Bf5 13.Bd3 Bg4 14.Nxc5 dxc5 15.
Rb1 Qxa3 16.Rxb7 O-O 17.Be2 Qa2 18.h3 Bh5 19.Re1 Ne4 20.Qb3 Qxb3 21.Rxb3 
Nb4 22.g4 Bg6 23.Ra1 a5 24.Ne1 f5 25.f3 Nf6 26.Rba3 fxg4 27.hxg4 Nc6 28.
Bd6 Rfe8 29.Bxc5 Nd7 30.Bd6 h5 31.g5 Rac8 32.c5 Bf7 33.Ba6 Rcd8 34.Bc7 Ra8
35.Bb5 Re6 36.Bd6 Rc8 37.f4 g6 38.Nf3 Ndb8 39.Nd4 Re4 40.Nxc6 Nxc6 41.Bxc6
Rxc6 42.Kf2 Rb4 43.Rxa5 Bd5 44.Ra8+ Kf7 45.Rf8+ Ke6 46.Rf6+ Kd7 47.Ra7+ 
1-0

[Event "49th RUS-ch (w)"]
[Site "Moscow RUS"]
[Date "1999.05.24"]
[Round "9"]
[White "Poliakova, Natalia"]
[Black "Mirzoeva, Elmira"]
[Result "0-1"]
[WhiteElo "2218"]
[BlackElo "2161"]
[EventDate "1999.05.15"]
[PlyCount "79"]

1.d4 Nf6 2.Nc3 g6 3.Bg5 Bg7 4.Qd2 d6 5.e4 c6 6.f4 O-O 7.e5 Ne8 8.O-O-O f6 
9.exf6 exf6 10.Bh4 d5 11.h3 Nd6 12.g4 b5 13.Bg2 Be6 14.Re1 Bf7 15.Nge2 Nc4
16.Qd3 Qa5 17.Kb1 Na6 18.Nc1 Nb4 19.Qd1 g5 20.Bg3 gxf4 21.Bxf4 Bg6 22.Nd3 
Na3+ 23.Kc1 Naxc2 24.Nxb4 Nxb4 25.Re3 Nxa2+ 26.Nxa2 Qxa2 27.Qb3 Qxb3 28.
Rxb3 Rfe8 29.Rc3 Rac8 30.Kd2 Bf8 31.Ra1 Bb4 32.Rxa7 Bxc3+ 33.bxc3 Ra8 34.
Rxa8 Rxa8 35.Bf3 Ra2+ 36.Ke3 Rc2 37.Bd6 Rxc3+ 38.Kf4 Rc4 39.Bc5 Kf7 40.h4 
0-1

[Event "49th RUS-ch (w)"]
[Site "Moscow RUS"]
[Date "1999.05.24"]
[Round "9"]
[White "Strutinskaya, Galina"]
[Black "Andreeva, Natalia"]
[Result "1-0"]
[WhiteElo "2295"]
[BlackElo "2254"]
[EventDate "1999.05.15"]
[PlyCount "77"]

1.b3 Nf6 2.Bb2 g6 3.f4 Bg7 4.Nf3 c5 5.e4 O-O 6.d3 d6 7.Be2 Nc6 8.O-O b5 9.
Qc1 Qb6 10.c4 Bd7 11.Nc3 bxc4 12.dxc4 Nd4 13.Bd3 a5 14.Nxd4 cxd4 15.Nb5 
Bxb5 16.cxb5 Rfc8 17.Qd1 e5 18.a4 d5 19.fxe5 Nxe4 20.Qf3 Qb7 21.Qf4 Nc5 
22.Rf3 Ne6 23.Qg3 Qc7 24.Re1 Qc5 25.Rff1 Qb4 26.Qf3 Ra7 27.Qxd5 Qd2 28.b6 
Re7 29.Ba3 Nf4 30.Qf3 Nxd3 31.Rd1 Nxe5 32.Qh3 Qe3+ 33.Qxe3 dxe3 34.Bxe7 e2
35.b7 exf1=Q+ 36.Kxf1 Rb8 37.Rc1 Nc4 38.Rxc4 Be5 39.Bf6 1-0

[Event "49th RUS-ch (w)"]
[Site "Moscow RUS"]
[Date "1999.05.24"]
[Round "9"]
[White "Verevochkina, Elena"]
[Black "Mashinskaya, Yulia"]
[Result "0-1"]
[WhiteElo "2150"]
[BlackElo "2354"]
[EventDate "1999.05.15"]
[PlyCount "67"]

1.d4 d5 2.e3 Bf5 3.Bd3 e6 4.Bxf5 exf5 5.Nf3 c6 6.b3 Nf6 7.Bb2 Bd6 8.Nbd2 
Ne4 9.a3 O-O 10.c4 Re8 11.Qc2 f4 12.Nxe4 dxe4 13.Ne5 fxe3 14.fxe3 f6 15.
Ng4 f5 16.Nf2 Qg5 17.Nd1 Nd7 18.g3 Nf6 19.Qe2 Ng4 20.Kd2 c5 21.Nf2 cxd4 
22.Bxd4 Ne5 23.Kc2 Qe7 24.Nh3 b5 25.Bxe5 Bxe5 26.Ra2 bxc4 27.Qxc4+ Kh8 28.
Kb1 Rac8 29.Qa4 Red8 30.Nf4 Rc3 31.b4 Qd6 32.Rc2 Rxe3 33.Qxa7 Bxf4 34.gxf4
0-1

[Event "49th RUS-ch (w)"]
[Site "Moscow RUS"]
[Date "1999.05.24"]
[Round "9"]
[White "Zayats, Elena"]
[Black "Galianina, Yulia"]
[Result "1-0"]
[WhiteElo "2293"]
[BlackElo "2300"]
[EventDate "1999.05.15"]
[PlyCount "121"]

1.d4 Nf6 2.c4 e6 3.Nc3 Bb4 4.e3 b6 5.Ne2 Ba6 6.a3 Bxc3+ 7.Nxc3 d5 8.Qf3 
O-O 9.cxd5 exd5 10.Bxa6 Nxa6 11.Qe2 Qc8 12.O-O c5 13.Rd1 Nc7 14.Bd2 Ne6 
15.Rac1 Qb7 16.dxc5 bxc5 17.b4 cxb4 18.axb4 Qxb4 19.Nxd5 Qb2 20.Rb1 Qa2 
21.Nxf6+ gxf6 22.Qg4+ Ng7 23.Bc3 Qe6 24.Qf4 Qf5 25.Qxf5 Nxf5 26.Rb5 Rfd8 
27.Rxd8+ Rxd8 28.Kf1 Nd6 29.Bxf6 Nxb5 30.Bxd8 Kf8 31.Ke2 Ke8 32.Ba5 Kd7 
33.Kd3 Kc6 34.e4 Nd6 35.Bb4 Ne8 36.Kc4 Nf6 37.f3 Nd7 38.Bc3 a6 39.g4 Nf8 
40.f4 Ne6 41.f5 Nc5 42.Kd4 Nd7 43.g5 Nb8 44.h4 Kd6 45.Bb4+ Kd7 46.Kc5 Nc6 
47.Bc3 Ne7 48.h5 Ke8 49.Bg7 a5 50.h6 Kd7 51.Bf6 Ng8 52.Bc3 Ne7 53.Bxa5 Ke8
54.Bb4 Ng8 55.Kd5 Kd7 56.e5 Ke8 57.g6 fxg6 58.fxg6 Nxh6 59.gxh7 Nf7 60.e6 
Nh8 61.Bc3 1-0

[Event "49th RUS-ch (w)"]
[Site "Moscow RUS"]
[Date "1999.05.24"]
[Round "9"]
[White "Zaitseva, Ludmila"]
[Black "Stiazhkina, Olga"]
[Result "1-0"]
[WhiteElo "2334"]
[BlackElo "2340"]
[EventDate "1999.05.15"]
[PlyCount "61"]

1.Nf3 d5 2.e3 Bf5 3.c4 e6 4.Qb3 Nc6 5.cxd5 exd5 6.Qxb7 Nb4 7.Bb5+ Ke7 8.
Nd4 Rb8 9.Qxa7 Rxb5 10.Nxb5 Nc2+ 11.Ke2 Nxa1 12.N1a3 Kf6 13.d3 Qd7 14.Bd2 
Bxd3+ 15.Kxd3 Qf5+ 16.Ke2 Qg4+ 17.Ke1 Qxg2 18.Rf1 Nh6 19.Qxc7 Nf5 20.Qc6+ 
Kg5 21.e4+ Kh4 22.exf5 Qe4+ 23.Kd1 Qf3+ 24.Kc1 Bxa3 25.Nxa3 Qxf5 26.Qa4+ 
Kh3 27.Qf4 Rc8+ 28.Kd1 Qh5+ 29.f3 Kg2 30.Qg3+ Kxf1 31.Be3 1-0

[Event "49th RUS-ch (w)"]
[Site "Moscow RUS"]
[Date "1999.05.24"]
[Round "9"]
[White "Zakurdyaeva, Irina"]
[Black "Kulish, Irina"]
[Result "0-1"]
[WhiteElo "2143"]
[BlackElo "2280"]
[EventDate "1999.05.15"]
[PlyCount "134"]

1.e4 e5 2.Nf3 Nc6 3.Bc4 Nf6 4.Ng5 d5 5.exd5 Na5 6.Bb5+ c6 7.dxc6 bxc6 8.
Qf3 Rb8 9.Bd3 Be7 10.Bf5 Bb7 11.d3 c5 12.Be4 Bc8 13.Bf5 Bb7 14.Qe2 O-O 15.
O-O Nc6 16.c3 g6 17.Bh3 Nh5 18.Nf3 Qd5 19.c4 Nd4 20.Nxd4 Qxd4 21.Nc3 Rfd8 
22.Rd1 Nf4 23.Bxf4 Qxf4 24.Re1 Bf6 25.g3 Qf3 26.Qxf3 Bxf3 27.Re3 Bc6 28.
Rb1 e4 29.dxe4 Bd4 30.Rf3 f5 31.Nd5 Bxd5 32.exd5 Rxb2 33.Rxb2 Bxb2 34.Rb3 
Bd4 35.Rb7 a5 36.Kf1 a4 37.Ra7 Rb8 38.Rxa4 Rb2 39.Ra8+ Kf7 40.Ra7+ Kf6 41.
Ra6+ Kf7 42.Ra7+ Kf6 43.Ra6+ Kf7 44.d6 Rxf2+ 45.Ke1 Rxh2 46.Ra7+ Ke6 47.d7
Ke7 48.Bf1 Bc3+ 49.Kd1 Rd2+ 50.Kc1 Rxd7 51.Rxd7+ Kxd7 52.a4 Be1 53.g4 fxg4
54.Kd1 Ba5 55.Be2 g3 56.Bg4+ Kd6 57.Ke2 h5 58.Bc8 g5 59.Kf3 Be1 60.Bb7 Ke5
61.Ke2 Ba5 62.Kf3 Kd4 63.Bd5 Bc7 64.Kg2 Ke3 65.Bf7 h4 66.Be6 Kf4 67.Kh3 
g4+ 0-1

[Event "49th RUS-ch (w)"]
[Site "Moscow RUS"]
[Date "1999.05.26"]
[Round "10"]
[White "Andreeva, Natalia"]
[Black "Ovod, Evgenia"]
[Result "0-1"]
[WhiteElo "2254"]
[BlackElo "2290"]
[EventDate "1999.05.15"]
[PlyCount "104"]

1.Nf3 c5 2.g3 Nc6 3.d4 cxd4 4.Nxd4 Nf6 5.c4 Qb6 6.Nb5 a6 7.Be3 Qa5+ 8.Bd2 
Qd8 9.N5c3 e6 10.Bg2 Be7 11.e4 O-O 12.O-O Qc7 13.Be3 d6 14.f4 Rb8 15.Qe2 
Bd7 16.Nd2 Rfc8 17.Rac1 b5 18.b3 b4 19.Na4 Nd8 20.Nb2 Bc6 21.Nd3 Nd7 22.
Bd4 e5 23.Bb2 Ne6 24.Nf3 Nec5 25.Nxc5 Nxc5 26.Nd2 Re8 27.f5 Bg5 28.Rc2 
Bxd2 29.Rxd2 f6 30.Rfd1 Red8 31.g4 a5 32.Bc1 a4 33.Rb2 axb3 34.axb3 Qb7 
35.Re1 Ra8 36.Rb1 Ra6 37.g5 Rda8 38.gxf6 gxf6 39.Bh6 Ra2 40.Rb2 Rxb2 41.
Qxb2 Nd3 42.Qe2 Nxe1 43.Qxe1 Qa7+ 44.Be3 Qa1 45.Bf2 Qc3 46.Qe2 Ra1+ 47.Bf1
Qh3 48.Be1 Qxb3 49.Qg4+ Kh8 50.Kf2 Ra2+ 51.Be2 Qxc4 52.Qh5 Bb5 0-1

[Event "49th RUS-ch (w)"]
[Site "Moscow RUS"]
[Date "1999.05.26"]
[Round "10"]
[White "Polovnikova, Ekaterina"]
[Black "Kovalevskaya, Ekaterina"]
[Result "1/2-1/2"]
[WhiteElo "2336"]
[BlackElo "2494"]
[EventDate "1999.05.15"]
[PlyCount "71"]

1.d4 Nf6 2.Bg5 d5 3.Bxf6 gxf6 4.e3 Bf5 5.c4 c6 6.Nc3 e6 7.Nge2 Qb6 8.Qd2 
dxc4 9.Ng3 Bd3 10.Bxd3 cxd3 11.O-O-O Nd7 12.Qxd3 O-O-O 13.Qc2 Kb8 14.Nge2 
f5 15.h3 Nf6 16.Rhg1 h5 17.g3 h4 18.g4 fxg4 19.hxg4 h3 20.g5 Nd5 21.Nxd5 
cxd5 22.Kb1 h2 23.Rh1 Be7 24.Nc1 Bxg5 25.f4 Be7 26.Rxh2 f6 27.Nd3 Qc7 28.
Rxh8 Qxc2+ 29.Kxc2 Rxh8 30.Rf1 Bd6 31.Rg1 Rh2+ 32.Kc3 Rh3 33.Kd2 Rh2+ 34.
Kc3 Rh3 35.Kd2 Rh2+ 36.Kc3 1/2-1/2

[Event "49th RUS-ch (w)"]
[Site "Moscow RUS"]
[Date "1999.05.26"]
[Round "10"]
[White "Ershova, Svetlana"]
[Black "Mashinskaya, Yulia"]
[Result "1-0"]
[WhiteElo "2263"]
[BlackElo "2354"]
[EventDate "1999.05.15"]
[PlyCount "55"]

1.d4 d5 2.c4 c6 3.Nf3 Nf6 4.Nc3 dxc4 5.a4 Bf5 6.Nh4 e6 7.Nxf5 exf5 8.e3 
Bb4 9.Bxc4 O-O 10.h3 Nbd7 11.Qf3 g6 12.g4 Ne4 13.Kf1 Nb6 14.Bb3 Nxc3 15.
bxc3 Bxc3 16.Rb1 c5 17.gxf5 c4 18.Bc2 Qd6 19.h4 Rfe8 20.Rg1 Kh8 21.h5 g5 
22.f6 Qd5 23.Qxd5 Nxd5 24.Rxb7 Nxf6 25.Rxg5 Rab8 26.Rxf7 Bb2 27.Rxf6 Bxc1 
28.Rf7 1-0

[Event "49th RUS-ch (w)"]
[Site "Moscow RUS"]
[Date "1999.05.26"]
[Round "10"]
[White "Fatalibekova, Elena"]
[Black "Ovchinnikova, Yulia"]
[Result "1-0"]
[WhiteElo "2271"]
[BlackElo "2205"]
[EventDate "1999.05.15"]
[PlyCount "67"]

1.d4 Nf6 2.Nf3 d5 3.c4 e6 4.Nc3 Nbd7 5.Bg5 Be7 6.Rc1 O-O 7.e3 a6 8.c5 c6 
9.Bd3 e5 10.Bxf6 Bxf6 11.dxe5 Be7 12.Na4 Qa5+ 13.Ke2 Re8 14.Qc2 h6 15.h4 
Bd8 16.e6 Rxe6 17.Nd4 Rf6 18.g4 Ne5 19.g5 Bg4+ 20.Kf1 Nxd3 21.Qxd3 Qxa4 
22.gxf6 Bxf6 23.Qb3 Qa5 24.Qxb7 Rc8 25.Kg2 Qd2 26.Rcd1 Bxd1 27.Qxc8+ Kh7 
28.Qxc6 Bxd4 29.Qxd5 Qe2 30.Qxd4 Qf3+ 31.Kg1 Bc2 32.Qf4 Qd5 33.Kh2 Bg6 34.
b4 1-0

[Event "49th RUS-ch (w)"]
[Site "Moscow RUS"]
[Date "1999.05.26"]
[Round "10"]
[White "Galianina, Yulia"]
[Black "Shumiakina, Tatiana"]
[Result "1/2-1/2"]
[WhiteElo "2300"]
[BlackElo "2407"]
[EventDate "1999.05.15"]
[PlyCount "91"]

1.d4 d5 2.c4 dxc4 3.Nf3 e6 4.e3 c5 5.Bxc4 a6 6.Qe2 b5 7.Bd3 cxd4 8.exd4 
Nf6 9.O-O Be7 10.a4 bxa4 11.Nc3 O-O 12.Bg5 Bb7 13.Nxa4 a5 14.Rfd1 Ba6 15.
Bxa6 Nxa6 16.Ne5 Nb4 17.Nc5 Qd5 18.Bxf6 gxf6 19.Ned7 f5 20.Nb6 Qc6 21.Nxa8
Rxa8 22.Ra3 Bf6 23.Rg3+ Kf8 24.Rh3 Rd8 25.Rxh7 Rxd4 26.Rxd4 Bxd4 27.Nb3 
Bf6 28.Qh5 Qc7 29.g4 fxg4 30.Qxa5 Qxa5 31.Nxa5 Nd5 32.Nc4 Bg7 33.h3 Nf6 
34.Rh4 gxh3 35.Rxh3 Ne4 36.Kg2 Bd4 37.Rf3 f5 38.b4 Ke7 39.Kf1 Kd7 40.Ke2 
Kc6 41.Nd2 Nxf2 42.Rb3 Kb5 43.Nf3 Bb6 44.Ng5 Kc4 45.Rb1 e5 46.Rc1+ 1/2-1/2

[Event "49th RUS-ch (w)"]
[Site "Moscow RUS"]
[Date "1999.05.26"]
[Round "10"]
[White "Gansvind, Valeria"]
[Black "Kosintseva, Nadezhda"]
[Result "1-0"]
[WhiteElo "2240"]
[BlackElo "2209"]
[EventDate "1999.05.15"]
[PlyCount "113"]

1.d4 d5 2.c4 Bf5 3.cxd5 Bxb1 4.Qa4+ c6 5.dxc6 Nxc6 6.Rxb1 e5 7.Nf3 Bb4+ 8.
Bd2 Bxd2+ 9.Nxd2 Qxd4 10.Qxd4 exd4 11.g3 Nge7 12.Bg2 O-O 13.O-O Rac8 14.
Nb3 Rfd8 15.Rfd1 b6 16.Rd2 Rd6 17.Rbd1 Rcd8 18.Kf1 f5 19.h3 g5 20.Rc1 Kf7 
21.Bxc6 Nxc6 22.Rdc2 Ne5 23.Rc7+ R8d7 24.Rxd7+ Rxd7 25.Rd1 d3 26.exd3 Rxd3
27.Rc1 Rd7 28.Ke2 Ke6 29.Rc3 h5 30.Nd2 g4 31.hxg4 hxg4 32.f4 gxf3+ 33.Nxf3
Nxf3 34.Kxf3 Ke5 35.Re3+ Kf6 36.Rc3 Kg5 37.Ra3 a5 38.Rb3 Rd6 39.a3 Rc6 40.
Rb5 Rd6 41.g4 Rf6 42.Kg3 Kg6 43.gxf5+ Kg5 44.a4 Rc6 45.Kf3 Rc4 46.b3 Rc6 
47.Ke4 Rd6 48.Ke5 Rc6 49.Kd4 Rd6+ 50.Rd5 Rc6 51.Ke4 Rc3 52.Rd3 Rc5 53.Rg3+
Kh4 54.Rg8 b5 55.f6 Rc7 56.axb5 Rb7 57.b6 1-0

[Event "49th RUS-ch (w)"]
[Site "Moscow RUS"]
[Date "1999.05.26"]
[Round "10"]
[White "Kulish, Irina"]
[Black "Zayats, Elena"]
[Result "1/2-1/2"]
[WhiteElo "2280"]
[BlackElo "2293"]
[EventDate "1999.05.15"]
[PlyCount "104"]

1.e4 e5 2.Nf3 Nc6 3.Bb5 a6 4.Ba4 Nf6 5.O-O Be7 6.Re1 d6 7.Bxc6+ bxc6 8.d4 
exd4 9.Nxd4 Bd7 10.Qf3 O-O 11.Nc3 c5 12.Nf5 Bxf5 13.Qxf5 Qc8 14.Qf3 Qb7 
15.b3 Rfe8 16.Bb2 Bf8 17.Rad1 Re6 18.Nd5 Nxd5 19.exd5 Ree8 20.Re4 Rxe4 21.
Qxe4 Qb4 22.Qxb4 cxb4 23.Rd4 Rb8 24.a4 bxa3 25.Bxa3 a5 26.Kf1 Be7 27.Rc4 
Bd8 28.Re4 Kf8 29.Re3 Bg5 30.Rc3 Bd8 31.Rh3 h6 32.Ke2 Ke8 33.Bb2 Kf8 34.
Rg3 Bf6 35.Bxf6 gxf6 36.Kd2 Rb5 37.c4 Rb6 38.Rh3 Kg7 39.Re3 a4 40.bxa4 
Rb2+ 41.Kc3 Rxf2 42.Kb4 f5 43.Rg3+ Kf6 44.Kb5 Ke5 45.a5 Rb2+ 46.Kc6 Ra2 
47.Kb5 Rb2+ 48.Kc6 Ra2 49.Kxc7 Rxa5 50.Re3+ Kd4 51.Rf3 Kxc4 52.Kxd6 Rxd5+ 
1/2-1/2

[Event "49th RUS-ch (w)"]
[Site "Moscow RUS"]
[Date "1999.05.26"]
[Round "10"]
[White "Lundina, Aelita"]
[Black "Kosintseva, Tatiana"]
[Result "0-1"]
[WhiteElo "2220"]
[BlackElo "2177"]
[EventDate "1999.05.15"]
[PlyCount "164"]

1.d4 d5 2.Nf3 Bf5 3.g3 e6 4.Bg2 h6 5.c4 c6 6.Qb3 Qb6 7.c5 Qc7 8.Bf4 Qc8 9.
h4 Nd7 10.Nc3 Ngf6 11.Qa4 Be7 12.b4 Ng4 13.Rc1 b5 14.cxb6 axb6 15.Qb3 O-O 
16.O-O c5 17.bxc5 bxc5 18.dxc5 Nxc5 19.Qb5 Re8 20.Nd4 Bg6 21.Bxd5 exd5 22.
Nxd5 Bf8 23.Nc7 Re4 24.Nxa8 Rxd4 25.Nb6 Qf5 26.e3 Rd8 27.a4 Nf6 28.Kh2 
Ng4+ 29.Kg1 Nf6 30.Kh2 Nfe4 31.Nc4 Bh5 32.Qb6 Ra8 33.f3 Nf6 34.Nd6 Bxd6 
35.Qxd6 Nd3 36.e4 Qd7 37.Rcd1 Qxd6 38.Bxd6 Nb2 39.Rb1 Nxa4 40.Rb8+ Rxb8 
41.Bxb8 Nc5 42.g4 Bg6 43.Kg3 Nfd7 44.Ba7 f6 45.Rc1 Ne6 46.Rc4 Bf7 47.Rc8+ 
Kh7 48.f4 g5 49.hxg5 hxg5 50.f5 Nf4 51.Be3 Nd3 52.Rc7 N3e5 53.Bd4 Kg8 54.
Rc8+ Kg7 55.Rc2 Bc4 56.Bb2 Kf7 57.Bxe5 Nxe5 58.Rb2 Ke7 59.Rb7+ Kd6 60.Rb6+
Ke7 61.Rb7+ Kd6 62.Rb6+ Nc6 63.Rb7 Ke5 64.Rc7 Bb5 65.Rf7 Ba4 66.Rf8 Nd4 
67.Rf7 Nc6 68.Rf8 Bb3 69.Re8+ Kd6 70.Rf8 Ke7 71.Rc8 Ne5 72.Rb8 Ba4 73.Rb7+
Kd6 74.Rb2 Bc6 75.Rd2+ Kc5 76.Rc2+ Kd4 77.Rh2 Kxe4 78.Rh6 Nd7 79.Rh7 Kd5 
80.Re7 Kd6 81.Re6+ Kc7 82.Re7 Bd5 0-1

[Event "49th RUS-ch (w)"]
[Site "Moscow RUS"]
[Date "1999.05.26"]
[Round "10"]
[White "Matveeva, Svetlana"]
[Black "Zaitseva, Ludmila"]
[Result "1-0"]
[WhiteElo "2405"]
[BlackElo "2334"]
[EventDate "1999.05.15"]
[PlyCount "129"]

1.d4 f5 2.c4 e6 3.g3 Nf6 4.Bg2 c6 5.Nf3 d5 6.O-O Bd6 7.Nc3 O-O 8.Qc2 Ne4 
9.Rb1 a5 10.a3 Qe7 11.c5 Bc7 12.Bf4 Bxf4 13.gxf4 Nxc3 14.bxc3 Nd7 15.Rb3 
Nf6 16.Ne5 Nh5 17.Qd2 Qh4 18.e3 Nf6 19.f3 Ra7 20.Rfb1 Nh5 21.Qf2 Qxf2+ 22.
Kxf2 Re8 23.Bf1 Re7 24.Bd3 g6 25.R3b2 Rc7 26.Rg1 Bd7 27.c4 Kf8 28.Bb1 Be8 
29.Ba2 Kg7 30.Ke2 Nf6 31.Bb1 Kf8 32.e4 Nd7 33.cxd5 cxd5 34.exd5 exd5 35.
Bd3 Nf6 36.Bb5 Bxb5+ 37.Rxb5 Nd7 38.Rgb1 Nb8 39.Kd3 Ke7 40.Re1 Kf6 41.h4 
Nc6 42.Rb6 Ra8 43.Reb1 Ra7 44.R6b2 a4 45.Rg2 Ra6 46.h5 gxh5 47.Rh2 Ne7 48.
Rxh5 Ng6 49.Nxg6 hxg6 50.Rh2 b6 51.cxb6 Rb7 52.Rhb2 g5 53.fxg5+ Kxg5 54.
Ke3 Re7+ 55.Kf2 Rb7 56.Kg3 f4+ 57.Kg2 Ra8 58.Rc2 Rg8 59.Rb5 Kf5+ 60.Kf2 
Ke6 61.Rc6+ Kd7 62.Rf6 Rg5 63.Rc5 Ke7 64.Rh6 Rg7 65.Rxd5 1-0

[Event "49th RUS-ch (w)"]
[Site "Moscow RUS"]
[Date "1999.05.26"]
[Round "10"]
[White "Mirzoeva, Elmira"]
[Black "Kosteniuk, Alexandra"]
[Result "1-0"]
[WhiteElo "2161"]
[BlackElo "2329"]
[EventDate "1999.05.15"]
[PlyCount "81"]

1.Nf3 d5 2.b3 Bg4 3.e3 e5 4.Be2 Bd6 5.Bb2 Nd7 6.d3 Ngf6 7.Nbd2 Qe7 8.O-O 
O-O 9.c4 c6 10.a3 a5 11.Ne1 Bf5 12.Nc2 e4 13.d4 Ne8 14.Re1 Be6 15.c5 Bc7 
16.b4 f5 17.b5 Qg5 18.Nf1 f4 19.exf4 Qxf4 20.f3 cxb5 21.Bc1 Qf7 22.Rb1 Qg6
23.Kh1 Bf5 24.Rb2 Nef6 25.Nce3 exf3 26.Bxf3 Be4 27.Bxe4 Qxe4 28.Rxb5 Rae8 
29.Rb2 Ng4 30.Kg1 Rxf1+ 31.Rxf1 Nxe3 32.Bxe3 Qxe3+ 33.Kh1 Qh6 34.g3 Nf6 
35.Kg2 Qg6 36.Qf3 Ng4 37.Qxd5+ Kh8 38.Qf3 Nf6 39.Rxb7 Qf7 40.d5 Rb8 41.d6 
1-0

[Event "49th RUS-ch (w)"]
[Site "Moscow RUS"]
[Date "1999.05.26"]
[Round "10"]
[White "Shadrina, Tatiana"]
[Black "Demina, Yulia"]
[Result "0-1"]
[WhiteElo "2325"]
[BlackElo "2361"]
[EventDate "1999.05.15"]
[PlyCount "112"]

1.e4 e5 2.Nf3 Nc6 3.d4 exd4 4.Nxd4 Bc5 5.Nxc6 Qf6 6.Qd2 dxc6 7.Nc3 Qe7 8.
Bd3 Nf6 9.O-O O-O 10.Na4 Bd6 11.Re1 Ng4 12.h3 Ne5 13.Bf1 Ng6 14.g3 f6 15.
f4 Bd7 16.Nc3 Rad8 17.Qe2 Rfe8 18.Be3 a6 19.Bg2 Bc8 20.Rf1 Kh8 21.Rae1 Bc5
22.Kh2 Bxe3 23.Qxe3 Qb4 24.Qc1 Nf8 25.e5 f5 26.Rf2 Ne6 27.g4 g6 28.gxf5 
gxf5 29.a3 Qd4 30.Ref1 Rg8 31.Ne2 Qd7 32.Ng3 Ng7 33.Bf3 Qe7 34.Be2 Be6 35.
Qe3 c5 36.Bd3 a5 37.Rg1 b6 38.Bb5 Rd4 39.Rfg2 Rdd8 40.Bc6 Rd4 41.Ne2 Rdd8 
42.Nc3 Rd4 43.Rg5 Bf7 44.Qg3 Rd2+ 45.Kh1 Qe6 46.Bf3 Ne8 47.Qe1 Rd4 48.Ne2 
Rd7 49.Qh4 Rxg5 50.Qxg5 Rd2 51.Ng3 Rxc2 52.Nxf5 Bg6 53.Qh6 Qxf5 54.Re1 Rf2
55.e6 Rxf3 56.Kg2 Qxf4 0-1

[Event "49th RUS-ch (w)"]
[Site "Moscow RUS"]
[Date "1999.05.26"]
[Round "10"]
[White "Stepovaya-Dianchenko, Tatiana"]
[Black "Chasovnikova, Evgenia"]
[Result "1/2-1/2"]
[WhiteElo "2444"]
[BlackElo "2247"]
[EventDate "1999.05.15"]
[PlyCount "108"]

1.e4 c5 2.d3 Nc6 3.f4 d5 4.Be2 g6 5.Nf3 dxe4 6.dxe4 Qxd1+ 7.Bxd1 Bh6 8.Nc3
Bg4 9.Be3 e6 10.O-O Nge7 11.g3 b6 12.Bf2 Rd8 13.Nh4 Bxd1 14.Raxd1 O-O 15.
Ng2 e5 16.Nd5 exf4 17.gxf4 Nxd5 18.exd5 Nb4 19.c4 Nxa2 20.Ra1 Nb4 21.Rxa7 
Bg7 22.b3 Nc2 23.Ne1 Na1 24.Nf3 Nxb3 25.Rb1 Na5 26.Bxc5 Nxc4 27.Bxf8 Bxf8 
28.Ne5 Nxe5 29.fxe5 Rxd5 30.Re1 b5 31.Rb7 b4 32.Re2 Rd3 33.Kg2 b3 34.Rb8 
Kg7 35.Rb7 Kg8 36.Ra7 Bc5 37.Rc7 Bf8 38.Rb7 Bc5 39.Rb5 Ba3 40.Rb8+ Kg7 41.
Rb7 Kg8 42.e6 fxe6 43.Rxe6 Bf8 44.Re8 Rd5 45.Rxb3 Rf5 46.Rbb8 Kg7 47.Rbc8 
Rf7 48.Ra8 Kg8 49.Kg3 Kg7 50.Kg4 Kg8 51.h4 Kg7 52.Rec8 Rf1 53.Ra7+ Rf7 54.
Rxf7+ Kxf7 1/2-1/2

[Event "49th RUS-ch (w)"]
[Site "Moscow RUS"]
[Date "1999.05.26"]
[Round "10"]
[White "Stiazhkina, Olga"]
[Black "Grabuzova, Tatiana"]
[Result "1/2-1/2"]
[WhiteElo "2340"]
[BlackElo "2281"]
[EventDate "1999.05.15"]
[PlyCount "112"]

1.e4 e6 2.d4 d5 3.Nc3 Nf6 4.Bg5 dxe4 5.Nxe4 Be7 6.Bxf6 gxf6 7.Nf3 a6 8.Bd3
b5 9.Qe2 Bb7 10.O-O-O Bd5 11.Kb1 c6 12.Nc3 Nd7 13.Rhe1 Qa5 14.Nxd5 cxd5 
15.Nh4 Nb6 16.Qd2 Qxd2 17.Rxd2 Kd7 18.f4 f5 19.Nf3 Bf6 20.c3 Rhg8 21.Ne5+ 
Bxe5 22.Rxe5 Nc8 23.b3 Nd6 24.Re1 Rg4 25.Rf2 Rag8 26.g3 R4g7 27.Rc2 Rb8 
28.Be2 Ne4 29.Bf3 Nf6 30.Ka1 h5 31.c4 bxc4 32.bxc4 dxc4 33.Rxc4 h4 34.gxh4
Rh7 35.h5 Nxh5 36.d5 Rb6 37.dxe6+ Rxe6 38.Rd1+ Ke7 39.Bxh5 Rxh5 40.Rd2 Rh4
41.a3 Re4 42.Rc7+ Kf6 43.Rc6+ Re6 44.Rc4 Kg6 45.Kb2 Kh5 46.Rf2 Kg4 47.Rg2+
Kf3 48.Rg3+ Kf2 49.Rg5 Re2+ 50.Kc3 Rh3+ 51.Kd4 Re4+ 52.Kc5 Rxa3 53.Rc2+ 
Re2 54.Rxe2+ Kxe2 55.Kb6 Rf3 56.Rxf5 Ke3 1/2-1/2

[Event "49th RUS-ch (w)"]
[Site "Moscow RUS"]
[Date "1999.05.26"]
[Round "10"]
[White "Strutinskaya, Galina"]
[Black "Lopatskaya, Elena"]
[Result "1-0"]
[WhiteElo "2295"]
[BlackElo "2284"]
[EventDate "1999.05.15"]
[PlyCount "123"]

1.Nf3 Nf6 2.d4 d6 3.Bg5 Nbd7 4.Nc3 c6 5.e4 e5 6.Be2 Be7 7.O-O O-O 8.Re1 
Re8 9.a4 a6 10.h3 Qc7 11.Bf1 b6 12.Qd3 Bb7 13.Rad1 b5 14.Qd2 Bf8 15.Qc1 
exd4 16.Rxd4 b4 17.Rxb4 d5 18.Bf4 Qc8 19.Rd4 c5 20.Rd2 d4 21.Na2 Nxe4 22.
Rde2 Ndf6 23.Ng5 c4 24.Nxe4 Nxe4 25.f3 Nf6 26.Rxe8 Nxe8 27.Be5 Qc5 28.b4 
Qd5 29.Qf4 d3 30.Nc3 Qd7 31.cxd3 cxd3 32.Rd1 Qe7 33.Bxd3 Qxb4 34.Bc4 Nf6 
35.Kh1 Rc8 36.Rd4 Qxc3 37.Bxf7+ Kh8 38.Bxf6 Qe1+ 39.Kh2 Rc1 40.Qe5 Qg1+ 
41.Kg3 Qe1+ 42.Qxe1 Rxe1 43.Bg5 h6 44.Rd8 hxg5 45.Rxf8+ Kh7 46.Bb3 Re2 47.
Rb8 Re7 48.Kg4 Kg6 49.Bc2+ Kf6 50.Rf8+ Ke5 51.Kxg5 Kd4 52.g4 Kc3 53.Bg6 
Bd5 54.f4 Kb4 55.Bc2 Rc7 56.Rb8+ Kc3 57.Bd1 Re7 58.Rd8 Be4 59.f5 a5 60.h4 
Rb7 61.Kg6 Rc7 62.h5 1-0

[Event "49th RUS-ch (w)"]
[Site "Moscow RUS"]
[Date "1999.05.26"]
[Round "10"]
[White "Slavina, Irina"]
[Black "Zakurdyaeva, Irina"]
[Result "1/2-1/2"]
[WhiteElo "2265"]
[BlackElo "2143"]
[EventDate "1999.05.15"]
[PlyCount "104"]

1.Nf3 d5 2.d4 c6 3.c4 Nf6 4.Nc3 e6 5.e3 Nbd7 6.a3 Bd6 7.b4 O-O 8.Bb2 Qe7 
9.Qc2 e5 10.cxd5 cxd5 11.Nb5 e4 12.Nxd6 Qxd6 13.Nd2 Nb6 14.a4 Be6 15.Be2 
Rfc8 16.Qb3 Nc4 17.Bc3 Qc7 18.Bxc4 dxc4 19.Qc2 Bf5 20.O-O Ng4 21.g3 Qd6 
22.Rfc1 Qh6 23.Nf1 Qh3 24.d5 Rd8 25.Bd4 Rd6 26.Ra2 Nf6 27.Bxf6 Rxf6 28.
Qxc4 Bg4 29.f4 exf3 30.e4 h5 31.Qd4 h4 32.e5 Rg6 33.Qf4 Rd8 34.Rc7 f6 35.
exf6 Rxf6 36.Qe5 Rd7 37.Rc8+ Kh7 38.Rf2 Rxd5 39.Qxd5 Bxc8 40.Rxf3 Rxf3 41.
Qxf3 hxg3 42.hxg3 Qg4 43.Qf2 Bd7 44.Qh2+ Kg8 45.Qa2+ Be6 46.Qd2 Qf3 47.Qf4
Qxf4 48.gxf4 Bd7 49.a5 Kf7 50.Kf2 Ke6 51.Ne3 Bb5 52.Ke1 Bd3 1/2-1/2

[Event "49th RUS-ch (w)"]
[Site "Moscow RUS"]
[Date "1999.05.26"]
[Round "10"]
[White "Verevochkina, Elena"]
[Black "Poliakova, Natalia"]
[Result "0-1"]
[WhiteElo "2150"]
[BlackElo "2218"]
[EventDate "1999.05.15"]
[PlyCount "82"]

1.d4 d5 2.e3 Bf5 3.c4 e6 4.Qb3 Nc6 5.Bd2 Rb8 6.Nf3 Nf6 7.Nh4 Bxb1 8.Rxb1 
Ne4 9.Nf3 Nxd2 10.Nxd2 Bb4 11.Qc2 O-O 12.Bd3 g6 13.O-O Bxd2 14.Qxd2 e5 15.
Be2 exd4 16.exd4 dxc4 17.d5 Ne5 18.f4 Nd3 19.Qa5 c5 20.Qxd8 Rbxd8 21.Bf3 
Nxf4 22.Rfd1 Rd6 23.Rd2 Re8 24.Rc1 b5 25.h3 Nd3 26.Rc3 Re1+ 27.Kh2 Ne5 28.
Be2 a5 29.a4 b4 30.Rcc2 c3 31.bxc3 b3 32.Rb2 c4 33.Rd4 Rc1 34.Bxc4 Rc2 35.
Re4 Nxc4 36.Rxb3 Nd2 37.Re8+ Kg7 38.Rb5 Rxc3 39.Re5 Rd3 40.Re7 R3xd5 41.
Ra7 Rf5 0-1

[Event "49th RUS-ch (w)"]
[Site "Moscow RUS"]
[Date "1999.05.27"]
[Round "11"]
[White "Chasovnikova, Evgenia"]
[Black "Ovchinnikova, Yulia"]
[Result "0-1"]
[WhiteElo "2247"]
[BlackElo "2205"]
[EventDate "1999.05.15"]
[PlyCount "82"]

1.d4 d5 2.c4 c6 3.Nf3 e6 4.g3 dxc4 5.Bg2 Bb4+ 6.Nc3 c5 7.O-O Nc6 8.Bf4 
cxd4 9.Nxd4 Nge7 10.Ndb5 O-O 11.Qc2 e5 12.Rad1 Qa5 13.Bg5 Be6 14.Bxe7 Nxe7
15.Qe4 Rab8 16.f4 a6 17.Qxe5 axb5 18.Be4 Qb6+ 19.Kh1 f5 20.Nxb5 Ng6 21.
Qxe6+ Qxe6 22.Bd5 Rfe8 23.a3 Bf8 24.e4 Qxd5 25.exd5 Rbd8 26.Nc7 Re2 27.Ne6
Rd6 28.Nd4 Rxb2 29.Nxf5 Rd7 30.d6 Rb5 31.g4 Rc5 32.a4 c3 33.h4 c2 34.Rc1 
Bxd6 35.Rf2 Bxf4 36.Rcxc2 Rxc2 37.Rxc2 Bc7 38.Rb2 Bd8 39.h5 Ne7 40.Ne3 Nc6
41.Kg2 Bg5 0-1

[Event "49th RUS-ch (w)"]
[Site "Moscow RUS"]
[Date "1999.05.27"]
[Round "11"]
[White "Demina, Yulia"]
[Black "Zaitseva, Ludmila"]
[Result "1/2-1/2"]
[WhiteElo "2361"]
[BlackElo "2334"]
[EventDate "1999.05.15"]
[PlyCount "56"]

1.Nf3 f5 2.g3 b6 3.Bg2 Bb7 4.O-O Nf6 5.c4 c5 6.d4 cxd4 7.Nxd4 Bxg2 8.Kxg2 
g6 9.Nc3 Qc8 10.b3 Qb7+ 11.Kg1 Bg7 12.Bb2 Na6 13.Qd2 O-O 14.Rad1 Nc5 15.f3
Rad8 16.Qc1 Nh5 17.Nd5 e6 18.Nb4 a5 19.Nd3 Qb8 20.Kg2 Nb7 21.Nb5 d5 22.
Bxg7 Nxg7 23.cxd5 Rxd5 24.Nc3 Rc8 25.Qb2 Rd6 26.Nb5 Rd5 27.Nc3 Rdd8 28.Nb5
Rd5 1/2-1/2